00638cam a2200169 a 450000100100000000500170001000800410002704000300006808200210009810000400011924501200015926000500027930000200032950400530034965000310040265000350043300001181620200929162558.0921001s1991 cu b 001 0 spa d aDO-SdBNPbSPAcFMUdBNPHU a467.97291bA457r1 aAlpízar Castillo, Rodolfo,d1947-10aRección nominal y verbal en el español de Cuba /cRodolfo Alpízar Castillo; edición María a. Rodríguez. aLa Habana, Cuba :bEditorial Academia,c1991. a96 p. ;c23 cm. aIncluye referencias bibliográficas (p. 94-96). 4aEspañolxDialectoszCuba 4aEspañolxLingüisticazCuba